Städte nach Bruttoinlandsprodukt - Statistiken

Allgemein
  • Dieses Quiz wurde 116 mal gespielt
  • Das Durchschnittsergebnis liegt bei 16 aus 30
Antwortstatistiken
BIP (in Mil. internat. Dollar) Stadt % Korrekt
715.080 Paris
92%
835.658 London
91%
506.137 Peking
90%
553.318 Moskau
87%
860.452 Los Angeles
85%
594.005 Shanghai
81%
416.047 Hong Kong
73%
348.721 Istanbul
71%
563.188 Chicago
65%
462.702 Singapur
65%
403.561 Mexiko-Stadt
62%
845.906 Seoul
56%
442.212 Washington
51%
671.295 Osaka
49%
380.264 Guangzhou
48%
1.616.792 Tokyo
47%
483.184 Houston
45%
321.315 Jakarta
45%
412.674 Dallas
44%
430.510 Sao Paulo
44%
1.403.463 New York City
42%
370.790 Riad
39%
360.110 Boston
38%
378.449 Neu-Delhi
34%
327.295 Taipeh
33%
346.455 Philadelphia
28%
363.228 Shenzhen
22%
363.751 Nagoya
19%
371.973 Tianjin
16%
339.028 Suzhou
1%
Keine übereinstimmenden Quizze gefunden
Verteilung der Resultate
Anzahl Personen mit jedem Resultat
Perzentil nach korrekt beantworteten Fragen
Ihre Resultats-Entwicklung
Sie haben dieses Quiz noch nicht gespielt